000 01904nam0a2200337 i 4500
001 RU\NLR\BIBL_A\011219100
005 20240921184834.0
010 _a9785209071396
_91500
021 _aRU
_b2016-69489
_94478
035 _a(NILC)RuMoRGB-008615806
035 _a(NLR Aleph) 011219100
090 _a12014565
_c12014565
100 _a20160927d2016 u y0rusy50 ca
101 0 _arus
102 _aRU
105 _ay|||j|||000yy
200 1 _aМиокардит у детей
_eвопросы патогенеза, современные подходы к диагностике и лечению
_eучебно-методическое пособие
_fФедеральное гос. автоном. образовательное учреждение высш. образования "Российский ун-т дружбы народов", Мед. ин-т, Каф. детской кардиологии, Каф. педиатрии
_g[д.м.н., проф. Е. А. Дегтярева и др.]
_gпод ред. Е. А. Дегтяревой
210 _aМосква
_cРоссийский университет дружбы народов
_d2016
215 _a60, [1] с.
_d21
320 _aБиблиогр.: с. 56-60 (47 назв.)
606 1 _aМиокардит детей
_jУчебно-методические пособия
_92262777
_3RU\NLR\AUTH\6601586338
675 _a616.1
686 1 _aР733.410.130.11я7
702 1 _4220
_7ca
_8rus
_aДегтярева
_bЕ. А.
_gЕлена Александровна
_9165216
_3RU\NLR\AUTH\770165260
712 0 2 _4570
_aРоссийский университет дружбы народов
_bМедицинский институт
_9471298
_3RU\NLR\AUTH\880402194
801 0 _aRU
_bРГБ
_c20160912
_gRCR
942 _cBOOK
980 _aNBR